Pieno di grazia. (Record n. 360634)

Dettagli MARC
000 -LEADER
campo di controllo lung. fissa 01374nam a22002057a 4500
003 - Identificatore del numero di controllo
campo di controllo IT-MiCISF
005 - Data e orario dell'ultima transazione
campo di controllo 20250929121822.0
008 - Elementi di lunghezza fissa--Informazione generale
campo di controllo lung. fissa 250929b |||||||| |||| 00| 0 eng d
020 ## - ISBN (International Standard Book Number)
ISBN (International Standard Book Number) 9788892246324
040 ## - Fonte della catalogazione
Agenzia che fa la trascrizione IT-MiCISF
100 ## - Accesso principale -- nome di persona
Nome di persona Mensuali Riccardo
9 (RLIN) 59011
245 ## - Formulazione del titolo
Titolo Pieno di grazia.
Complemento del titolo La sfida cristiana per il maschio del nostro tempo
260 ## - Pubblicazione, distribuzione, ecc. (stampa)
Luogo di pubblicazione, distribuzione, ecc. Cinisello B. (MI),
Nome dell'editore, distributore, ecc. San Paolo,
Data di pubblicazione, distribuzione, ecc. 2025
300 ## - Descrizione fisica
Estensione pp. 192
500 ## - Nota generale
Nota generale uomo, identità-maschile, valori, fede, cambiamento
520 ## - Riassunto, ecc.
Nota di riassunto, ecc. Depresso, pavido, violento, prevaricatore: l’immagine del maschile ha assunto, nelle narrazioni e nell’immaginario contemporaneo, tratti estremi, difficili da superare. E la tentazione che viviamo ai giorni nostri, anche di fronte alla violenza perpetrata dagli uomini nei confronti delle donne, sembra quella di voler neutralizzare il maschile per renderlo inoffensivo. Ma siamo sicuri che possa funzionare? Non stiamo forse vivendo una pars destruens che rischia di non lasciare più nulla da ricostruire, di azzerare senza proporre alternative? Riccardo Mensuali affronta un tema delicatissimo e non più rimandabile: ripensare il maschile per il benessere della società e delle relazioni. Una sfida cristiana che vale la pena di raccogliere e affrontare in tutta la sua complessità.
650 ## - Accesso aggiunto di soggetto--termine topico
Termine topico o nome geografico come accesso Uomo
9 (RLIN) 56127
654 ## - Accesso aggiunto di soggetto--termini topici faccettati
Termine principale saggio
942 ## - Dati aggiuntivi (Koha)
Fonte della classificazione o dello schema di collocazione (segnatura) Dewey Decimal Classification
Tipo copia default (Koha) LIBRO
Dati di copia
Ritirato (status) Perso (status) Fonte della classificazione o dello schema di collocazione (segnatura) Danneggiato (status) Non per il presito Biblioteca proprietaria Biblioteca in cui si trova Data d'acquisizione Totale prestiti Collocazione Codice a barre Data ultima operazione Prezzo in vigore dal Tipo copia default (Koha)
    Dewey Decimal Classification Buone Condizioni Not For Loan CISF - Milano CISF - Milano 29/09/2025   B7893 9788892246324 29/09/2025 29/09/2025 LIBRO
CREDITS: SOCIETA' SAN PAOLO Via A.Severo, 58 - ROMA (RM) & PERIODICI SAN PAOLO SRL Via Giotto, 36 MILANO & CISF Via Giotto, 36 MILANO & EDIZIONI SAN PAOLO SRL,  Piazza Soncino, 5 CINISELLO BALSAMO (MI) -- ITALY